| Registos Bibliográficos associados ao registo de autoridade |
|
Etiqueta de registo: 00000nam 2200025 450 001 2280129 003 http://id.bnportugal.gov.pt/bib/catbnp/2280129 100 ## $a20260313d2025 k y0pory01030103ba 101 0# $aeng$dpor 102 ## $aPT 105 ## $aa m 000yy 106 ## $ar 200 1# $aAlgoritmos de segurança e emissões para a interação entre os utentes da via$dSafety and emissions algorithms for the interaction with road users$fElisabete Dos Santos Ferreira$gorient. Margarida Isabel Cabrita Marques Coelho, Eloísa Catarina Monteiro de Figueiredo
Amaral e Macedo$zeng 210 #9 $aAveiro$c[s.n.],$d2025 215 ## $a[7] f., XIII, 235 p.$cil.$d30 cm 328 #1 $aTese dout. Engenharia Mecânica, Universidade de Aveiro, 2025 510 1# $aSafety and emissions algorithms for the interaction with road users$zeng 675 ## $a628.5(043)$vBN$zpor$31229005 675 ## $a656.1(043)$vBN$zpor$3297293 700 #1 $aFerreira,$bElisabete Dos Santos$31991295 702 #1 $aCoelho,$bMargarida Isabel Cabrita Marques$4727$31277473 702 #1 $aMacedo,$bEloísa Catarina Monteiro de Figueiredo Amaral e$4727$31688683 801 #0 $aPT$bBN$gRPC 966 ## $lBN$mFGMON$sS.A. 193533 V.$x1 971 ## $corlando$d20260313 973 ## $cigoulao$d20260410 975 ## $e0$d20260423$viquintas
|
|
|